[Event "Montreal Mercredi 08"]
[Site "Montreal CAN"]
[Date "2013.09.18"]
[Round "4"]
[White "Lopez Linares, Cesar"]
[Black "Dobrev, Martin"]
[Result "0-1"]
[WhiteElo "1888"]
[BlackElo "1846"]
[PlyCount "102"]
[GameId "2160767909229736"]
[EventDate "2013.08.28"]
[EventType "swiss"]
[EventRounds "5"]
[EventCountry "CAN"]
[SourceTitle "EXT 2022"]
[Source "ChessBase"]
[SourceDate "2021.10.06"]
[SourceVersion "1"]
[SourceVersionDate "2021.10.06"]
[SourceQuality "1"]

1. d4 d5 2. c4 c6 3. Nf3 Nf6 4. Nc3 e6 5. Bg5 dxc4 6. e4 b5 7. e5 h6 8. Bh4 g5 9. Nxg5 hxg5 10. Bxg5 Nbd7 11. g3 Qb6 12. exf6 Bb7 13. Bg2 O-O-O 14. O-O Ne5 15. dxe5 Rxd1 16. Raxd1 c5 17. Ne4 Bd5 18. Bf4 Qc6 19. Rfe1 Kc7 20. Rxd5 exd5 21. e6+ Kb6 22. e7 Bxe7 23. Nc3 Bxf6 24. Nxd5+ Ka5 25. Bd2+ c3 26. Nxc3 Qd7 27. Nd5+ Ka6 28. Re3 b4 29. a3 Bd4 30. Bf1+ Kb7 31. Re7 Qxe7 32. Nxe7 bxa3 33. bxa3 Rd8 34. Bg5 Re8 35. Nf5 Re5 36. g4 Kc6 37. Bf6 Rxf5 38. Bxd4 Rf4 39. Be3 Rxg4+ 40. Kh1 Ra4 41. Bc1 Kd5 42. Kg2 Rg4+ 43. Kf3 Rd4 44. Be3 Ra4 45. Bc1 Rh4 46. h3 c4 47. Ke3 Re4+ 48. Kd2 Kc5 49. Bb2 Rh4 50. Ke3 Rh6 51. f4 f5 0-1

[Event "Montreal Mercredi 08"]
[Site "Montreal CAN"]
[Date "2013.09.18"]
[Round "4"]
[White "Lopez Linares, Lizandro"]
[Black "Boudreau, Daniel"]
[Result "0-1"]
[WhiteElo "2059"]
[BlackElo "2031"]
[PlyCount "72"]
[GameId "2160767909229737"]
[EventDate "2013.08.28"]
[EventType "swiss"]
[EventRounds "5"]
[EventCountry "CAN"]
[SourceTitle "EXT 2022"]
[Source "ChessBase"]
[SourceDate "2021.10.06"]
[SourceVersion "1"]
[SourceVersionDate "2021.10.06"]
[SourceQuality "1"]

1. d4 Nf6 2. Bg5 Ne4 3. Bf4 d5 4. e3 c5 5. c3 Nc6 6. Bd3 e6 7. Bxe4 dxe4 8. Nd2 f5 9. Ne2 Be7 10. h3 O-O 11. O-O b6 12. Qa4 Bd7 13. Qc2 Rc8 14. dxc5 e5 15. Bh2 Bxc5 16. b4 Bd6 17. Qb3+ Kh8 18. Rfd1 Qe7 19. Qd5 Be6 20. Qb5 Rfd8 21. Qa4 Qb7 22. f3 b5 23. Qa3 Qb6 24. Nf1 exf3 25. gxf3 f4 26. Kg2 Bc4 27. Qb2 fxe3 28. Bg1 e4 29. fxe4 Ne5 30. Bxe3 Qb7 31. Neg3 h5 32. Rd4 h4 33. Nf5 Nd3 34. Qc2 Bc5 35. Nd2 Bxd4 36. cxd4 Ne1+ 0-1

[Event "Montreal Mercredi 08"]
[Site "Montreal CAN"]
[Date "2013.09.18"]
[Round "4"]
[White "Nardone, Raul"]
[Black "Weston, Paul"]
[Result "0-1"]
[WhiteElo "1961"]
[BlackElo "1984"]
[PlyCount "133"]
[GameId "2160767909229738"]
[EventDate "2013.08.28"]
[EventType "swiss"]
[EventRounds "5"]
[EventCountry "CAN"]
[SourceTitle "EXT 2022"]
[Source "ChessBase"]
[SourceDate "2021.10.06"]
[SourceVersion "1"]
[SourceVersionDate "2021.10.06"]
[SourceQuality "1"]

1. d4 Nf6 2. Nf3 g6 3. Bg5 Bg7 4. Nbd2 d6 5. e4 O-O 6. Be2 Nbd7 7. O-O h6 8. Bf4 c5 9. c3 g5 10. Be3 Ng4 11. h3 Nxe3 12. fxe3 a6 13. Nh2 cxd4 14. exd4 Nf6 15. Bd3 e5 16. Qe2 exd4 17. cxd4 Qb6 18. Nb3 Be6 19. Rxf6 Bxb3 20. Rff1 Qxd4+ 21. Kh1 Be6 22. Nf3 Qxb2 23. Qxb2 Bxb2 24. Rab1 Bg7 25. Rxb7 Bxa2 26. Rc1 a5 27. Rc6 d5 28. Rc2 dxe4 29. Bxe4 Be6 30. Rb5 Ra7 31. Rcc5 a4 32. Ra5 Rxa5 33. Rxa5 Bb3 34. Bc6 Bc3 35. Ra6 Rd8 36. Bxa4 Rd1+ 37. Kh2 Ra1 38. Ra8+ Kg7 39. Bc6 Rc1 40. Be4 Bb4 41. Ra6 Rd1 42. Kg3 Bc4 43. Rb6 Bd6+ 44. Kg4 Bf1 45. Bc2 Rd5 46. Bb3 f5+ 47. Kh5 Rd3 48. Rb7+ Kf8 49. Kxh6 Bxg2 50. Rf7+ Ke8 51. Nxg5 Rxb3 52. Rxf5 Bf8+ 53. Kh5 Rb6 54. Re5+ Kd7 55. Kg4 Rb4+ 56. Kh5 Bd6 57. Re2 Bd5 58. Rd2 Kc6 59. Rc2+ Kd7 60. Rd2 Bb3 61. Kg6 Rf4 62. Nh7 Ke7 63. Re2+ Kd7 64. Rd2 Rh4 65. Ng5 Kc6 66. Nf7 Bf4 67. Rf2 0-1

[Event "Montreal Mercredi 08"]
[Site "Montreal CAN"]
[Date "2013.09.18"]
[Round "4"]
[White "Rondon, Luciano"]
[Black "Heredia, Jose"]
[Result "1-0"]
[WhiteElo "1888"]
[BlackElo "1811"]
[PlyCount "59"]
[GameId "2160767909229739"]
[EventDate "2013.08.28"]
[EventType "swiss"]
[EventRounds "5"]
[EventCountry "CAN"]
[SourceTitle "EXT 2022"]
[Source "ChessBase"]
[SourceDate "2021.10.06"]
[SourceVersion "1"]
[SourceVersionDate "2021.10.06"]
[SourceQuality "1"]

1. d4 d5 2. c4 c6 3. Nc3 Nf6 4. Nf3 e6 5. Bg5 h6 6. Bh4 dxc4 7. e4 g5 8. Bg3 b5 9. a3 Bb7 10. Be2 Bg7 11. e5 Nd5 12. Ne4 Bf8 13. Nfd2 Be7 14. Nc5 Qb6 15. Nde4 Nd7 16. Nxb7 Qxb7 17. O-O c5 18. Nd6+ Bxd6 19. exd6 Qb6 20. dxc5 Qxc5 21. Kh1 Nf4 22. Re1 Nxe2 23. Qxe2 Qc6 24. Rad1 Nc5 25. d7+ Nxd7 26. Rd6 Qb7 27. Rxe6+ fxe6 28. Qxe6+ Kd8 29. Qe7+ Kc8 30. Qe8+ 1-0

[Event "Montreal Mercredi 08"]
[Site "Montreal CAN"]
[Date "2013.09.18"]
[Round "4"]
[White "Struben, Jeroen"]
[Black "Ostaci, Liviu"]
[Result "1-0"]
[WhiteElo "1630"]
[BlackElo "1681"]
[PlyCount "87"]
[GameId "2160767909229740"]
[EventDate "2013.08.28"]
[EventType "swiss"]
[EventRounds "5"]
[EventCountry "CAN"]
[SourceTitle "EXT 2022"]
[Source "ChessBase"]
[SourceDate "2021.10.06"]
[SourceVersion "1"]
[SourceVersionDate "2021.10.06"]
[SourceQuality "1"]

1. d4 Nf6 2. c4 g6 3. g3 Bg7 4. Bg2 O-O 5. Nc3 d6 6. Nf3 Nbd7 7. O-O c5 8. e4 cxd4 9. Nxd4 Ne5 10. b3 Bd7 11. h3 Nc6 12. Be3 a5 13. Rb1 Nb8 14. Ncb5 Bxb5 15. Nxb5 Nfd7 16. e5 Nxe5 17. Bxb7 Nbc6 18. Bxa8 Qxa8 19. f4 Nd7 20. Qf3 Qc8 21. Kh2 Nc5 22. Rbd1 Ne6 23. Rf2 Qe8 24. Re2 Qc8 25. Red2 Qe8 26. c5 dxc5 27. Bxc5 Nxc5 28. Nc7 Nd4 29. Rxd4 Qc8 30. Nd5 Qb7 31. Rc4 Qa7 32. Qe3 e6 33. Qxc5 Qxc5 34. Rxc5 exd5 35. Rdxd5 a4 36. bxa4 Re8 37. h4 Re2+ 38. Kh3 Bf6 39. Rd7 Rxa2 40. a5 h5 41. Rc6 Kg7 42. a6 Ba1 43. a7 Ra3 44. Rc8 1-0

[Event "Montreal Mercredi 08"]
[Site "Montreal CAN"]
[Date "2013.09.18"]
[Round "4"]
[White "Tremblay, Alain"]
[Black "Cardin, Guillaume"]
[Result "1/2-1/2"]
[WhiteElo "2106"]
[BlackElo "2102"]
[PlyCount "65"]
[GameId "2160767909229741"]
[EventDate "2013.08.28"]
[EventType "swiss"]
[EventRounds "5"]
[EventCountry "CAN"]
[SourceTitle "EXT 2022"]
[Source "ChessBase"]
[SourceDate "2021.10.06"]
[SourceVersion "1"]
[SourceVersionDate "2021.10.06"]
[SourceQuality "1"]

1. d4 Nf6 2. c4 g6 3. Nc3 d5 4. Bg5 Ne4 5. Bh4 Nxc3 6. bxc3 c5 7. Nf3 Bg7 8. e3 Nc6 9. Be2 O-O 10. O-O b6 11. cxd5 Qxd5 12. Nd2 cxd4 13. cxd4 Bb7 14. Bf3 Qd7 15. Rc1 Rfc8 16. Qa4 Kf8 17. d5 Ne5 18. Qxd7 Nxd7 19. d6 Bxf3 20. dxe7+ Ke8 21. gxf3 Bf6 22. Bg3 Kxe7 23. Ne4 Bb2 24. Rcd1 Be5 25. Rxd7+ Kxd7 26. Bxe5 Rc2 27. a3 Ra2 28. Rd1+ Ke6 29. Bf4 f5 30. Rd6+ Kf7 31. Ng5+ Ke7 32. Rd3 h6 33. Nh3 1/2-1/2

[Event "Montreal Mercredi 08"]
[Site "Montreal CAN"]
[Date "2013.09.19"]
[Round "5"]
[White "Boudreau, Daniel"]
[Black "Nardone, Raul"]
[Result "1/2-1/2"]
[WhiteElo "2031"]
[BlackElo "1961"]
[PlyCount "115"]
[GameId "2160767909229742"]
[EventDate "2013.08.28"]
[EventType "swiss"]
[EventRounds "5"]
[EventCountry "CAN"]
[SourceTitle "EXT 2022"]
[Source "ChessBase"]
[SourceDate "2021.10.06"]
[SourceVersion "1"]
[SourceVersionDate "2021.10.06"]
[SourceQuality "1"]

1. e4 c5 2. f4 d5 3. exd5 Qxd5 4. Nc3 Qd8 5. Nf3 Nc6 6. Bb5 Bd7 7. O-O Nf6 8. Re1 g6 9. Bxc6 Bxc6 10. Ne5 Bg7 11. Nxc6 bxc6 12. Qf3 O-O 13. d3 Nd5 14. Ne4 Qb6 15. Kh1 Rad8 16. a4 a5 17. Ra3 Qa7 18. f5 Nb4 19. f6 exf6 20. Nxf6+ Kh8 21. Re4 Rd4 22. Bg5 Nxc2 23. Qh3 h5 24. g4 Rxe4 25. Nxe4 f5 26. gxh5 gxh5 27. Qxh5+ Kg8 28. Nd6 Nxa3 29. Qg6 Nc2 30. Nc8 Rxc8 31. Qe6+ Qf7 32. Qxc8+ Kh7 33. Qxc6 Nb4 34. Qxc5 Qb7+ 35. Kg1 Qf3 36. Qe3 Qg4+ 37. Qg3 Nxd3 38. Qxg4 fxg4 39. Bd2 Nb4 40. b3 Kg6 41. Kf2 Bd4+ 42. Kg3 Kf5 43. h4 gxh3 44. Kxh3 Ke4 45. Kg4 Kd3 46. Bf4 Kc3 47. Bc7 Nc6 48. Kf5 Kxb3 49. Kf4 Kc4 50. Kf3 Bc3 51. Ke4 Ne7 52. Bd8 Nc8 53. Bc7 Kc5 54. Kd3 Bb4 55. Kc2 Nb6 56. Kb3 Kc6 57. Bd8 Bc5 58. Bg5 1/2-1/2

[Event "Montreal Mercredi 08"]
[Site "Montreal CAN"]
[Date "2013.09.20"]
[Round "5"]
[White "Saha, Ananda"]
[Black "Rondon, Luciano"]
[Result "0-1"]
[WhiteElo "1805"]
[BlackElo "1888"]
[PlyCount "86"]
[GameId "2160767909229743"]
[EventDate "2013.08.28"]
[EventType "swiss"]
[EventRounds "5"]
[EventCountry "CAN"]
[SourceTitle "EXT 2022"]
[Source "ChessBase"]
[SourceDate "2021.10.06"]
[SourceVersion "1"]
[SourceVersionDate "2021.10.06"]
[SourceQuality "1"]

1. d4 d5 2. c4 e6 3. Nc3 Nf6 4. cxd5 exd5 5. Bg5 Be7 6. e3 c6 7. Qc2 O-O 8. Bd3 Nbd7 9. Nf3 Re8 10. O-O Nf8 11. Rab1 g6 12. b4 a6 13. a4 Ne6 14. Bh4 Ng7 15. Ne5 Bf5 16. Bxf5 Nxf5 17. Bg5 Rc8 18. g4 Nd6 19. Bxf6 Bxf6 20. f4 Bxe5 21. fxe5 Nc4 22. Qf2 Rc7 23. h4 Qd7 24. Qe2 h5 25. Rf4 hxg4 26. Rxg4 Nxe3 27. Rg3 Nf5 28. Rg4 Kg7 29. Rf1 Rh8 30. Qf2 Ne3 31. Qf6+ Kh7 32. Rg5 Nxf1 33. h5 Rg8 34. e6 Qxe6 35. hxg6+ Rxg6 36. Rxg6 Qe3+ 37. Kxf1 fxg6 38. Ne2 Qh3+ 39. Ke1 Qf5 40. Qh4+ Kg7 41. Kd2 Rf7 42. Qd8 Qe4 43. Qd6 Re7 0-1

[Event "Montreal Mercredi 08"]
[Site "Montreal CAN"]
[Date "2013.09.25"]
[Round "5"]
[White "Cardin, Guillaume"]
[Black "Leveille, Francois"]
[Result "0-1"]
[WhiteElo "2102"]
[BlackElo "2323"]
[PlyCount "64"]
[GameId "2160767909229744"]
[EventDate "2013.08.28"]
[EventType "swiss"]
[EventRounds "5"]
[EventCountry "CAN"]
[SourceTitle "EXT 2022"]
[Source "ChessBase"]
[SourceDate "2021.10.06"]
[SourceVersion "1"]
[SourceVersionDate "2021.10.06"]
[SourceQuality "1"]

1. d4 Nf6 2. c4 g6 3. Nc3 Bg7 4. e4 d6 5. Bd3 O-O 6. Nge2 c5 7. d5 e6 8. O-O Ng4 9. f4 exd5 10. Nxd5 Nc6 11. h3 Nf6 12. Ndc3 a6 13. a3 b6 14. Rb1 Bb7 15. Be3 Re8 16. b4 cxb4 17. axb4 Nb8 18. Qc2 Nbd7 19. Bd4 Rc8 20. Rbd1 Rc7 21. g4 h6 22. e5 dxe5 23. fxe5 Nxg4 24. Bxg6 Ngxe5 25. Bxf7+ Nxf7 26. Rf4 Ng5 27. Qg6 Nf8 28. Rxf8+ Rxf8 29. Bxb6 Nf3+ 30. Kh1 Nh4+ 31. Kg1 Nxg6 32. Rxd8 Rxd8 0-1

[Event "Montreal Mercredi 08"]
[Site "Montreal CAN"]
[Date "2013.09.25"]
[Round "5"]
[White "Chabot, Roland"]
[Black "Levkovsky, Alexandre"]
[Result "0-1"]
[WhiteElo "2118"]
[BlackElo "2267"]
[PlyCount "98"]
[GameId "2160767909229745"]
[EventDate "2013.08.28"]
[EventType "swiss"]
[EventRounds "5"]
[EventCountry "CAN"]
[SourceTitle "EXT 2022"]
[Source "ChessBase"]
[SourceDate "2021.10.06"]
[SourceVersion "1"]
[SourceVersionDate "2021.10.06"]
[SourceQuality "1"]

1. d4 Nf6 2. c4 e6 3. Nc3 Bb4 4. a3 Bxc3+ 5. bxc3 c5 6. e3 O-O 7. Bd3 d6 8. Ne2 e5 9. dxe5 dxe5 10. Ng3 Re8 11. O-O Nc6 12. e4 b6 13. Re1 Be6 14. Nf1 Na5 15. Ne3 Qc8 16. Nd5 Bxd5 17. cxd5 c4 18. Bc2 Nd7 19. Re3 Nc5 20. Rg3 f6 21. Bh6 g6 22. Qf3 Qd8 23. h4 Kh8 24. Rd1 Nab7 25. Qe2 Nd6 26. Rh3 Qe7 27. g4 g5 28. Kg2 Rg8 29. hxg5 fxg5 30. Rdh1 Rg6 31. Qf3 Nd7 32. Rh5 Rag8 33. R5h2 b5 34. a4 a6 35. axb5 axb5 36. Qe3 Nf6 37. Qf3 Nf7 38. Qf5 Nd6 39. Qf3 Qd7 40. Kg3 Qe7 41. Bxg5 Nde8 42. Rxh7+ Qxh7 43. Rxh7+ Kxh7 44. Bxf6 Nxf6 45. Qf5 Nxg4 46. Kf3 Kh6 47. Ke2 Rf6 48. Qd7 Rxf2+ 49. Ke1 Rxc2 0-1

[Event "Montreal Mercredi 08"]
[Site "Montreal CAN"]
[Date "2013.09.25"]
[Round "5"]
[White "Dobrev, Martin"]
[Black "Khudaverdian, Berj"]
[Result "0-1"]
[WhiteElo "1846"]
[BlackElo "1770"]
[PlyCount "57"]
[GameId "2160767909229747"]
[EventDate "2013.08.28"]
[EventType "swiss"]
[EventRounds "5"]
[EventCountry "CAN"]
[SourceTitle "EXT 2022"]
[Source "ChessBase"]
[SourceDate "2021.10.06"]
[SourceVersion "1"]
[SourceVersionDate "2021.10.06"]
[SourceQuality "1"]

1. d4 Nf6 2. c4 c5 3. Nf3 e6 4. Nc3 Na6 5. d5 d6 6. e4 e5 7. Bd3 Be7 8. O-O O-O 9. a3 Nc7 10. b4 b6 11. Ne1 Bg4 12. f3 Bh5 13. Be3 h6 14. Qd2 Nh7 15. Nc2 Bg5 16. f4 exf4 17. Bxf4 Qe7 18. Ne3 Bg6 19. Rae1 Bxf4 20. Rxf4 Rae8 21. Ng4 cxb4 22. axb4 Na6 23. Nb5 f5 24. Nf2 Ng5 25. Ra1 fxe4 26. Rxf8+ Rxf8 27. Nxe4 Nxe4 28. Bxe4 Qxe4 29. Rxa6 0-1

[Event "Montreal Mercredi 08"]
[Site "Montreal CAN"]
[Date "2013.09.25"]
[Round "5"]
[White "Fortin-Lavoie, Patrice"]
[Black "Gauthier, Luc"]
[Result "0-1"]
[WhiteElo "1625"]
[BlackElo "1749"]
[PlyCount "72"]
[GameId "2160767909229748"]
[EventDate "2013.08.28"]
[EventType "swiss"]
[EventRounds "5"]
[EventCountry "CAN"]
[SourceTitle "EXT 2022"]
[Source "ChessBase"]
[SourceDate "2021.10.06"]
[SourceVersion "1"]
[SourceVersionDate "2021.10.06"]
[SourceQuality "1"]

1. e4 Nf6 2. Nc3 d5 3. exd5 Nxd5 4. Bc4 Nb6 5. Bb3 Nc6 6. Nf3 Bf5 7. O-O e6 8. Qe1 Be7 9. d3 O-O 10. Be3 Bf6 11. Rd1 Nd4 12. Nxd4 Bxd4 13. Ne4 Bxe3 14. fxe3 Qe7 15. Ng3 Bg6 16. e4 a5 17. a4 Qb4 18. Qf2 Nxa4 19. d4 Nb6 20. d5 a4 21. Rd4 Qc5 22. Ba2 e5 23. Rd3 Qxf2+ 24. Rxf2 Rad8 25. h4 h5 26. Nf5 Rd7 27. Rg3 Nc8 28. d6 Bxf5 29. Rxf5 Nxd6 30. Rxe5 Re8 31. Reg5 Nxe4 32. Rxg7+ Kh8 33. Rxf7 Rd1+ 34. Kh2 Nxg3 35. Kxg3 Rg8+ 36. Kh3 Rh1# 0-1

[Event "Montreal Mercredi 08"]
[Site "Montreal CAN"]
[Date "2013.09.25"]
[Round "5"]
[White "Heredia, Jose"]
[Black "Lopez Linares, Cesar"]
[Result "0-1"]
[WhiteElo "1811"]
[BlackElo "1888"]
[PlyCount "110"]
[GameId "2160767909229749"]
[EventDate "2013.08.28"]
[EventType "swiss"]
[EventRounds "5"]
[EventCountry "CAN"]
[SourceTitle "EXT 2022"]
[Source "ChessBase"]
[SourceDate "2021.10.06"]
[SourceVersion "1"]
[SourceVersionDate "2021.10.06"]
[SourceQuality "1"]

1. e4 e6 2. d4 d5 3. exd5 exd5 4. Bd3 Nc6 5. c3 Bd6 6. h3 Be6 7. Nf3 Qd7 8. Qc2 h6 9. Be3 O-O-O 10. Nbd2 f5 11. Nb3 b6 12. Ba6+ Kb8 13. Nc5 Qf7 14. Nb7 Rd7 15. Qa4 Nge7 16. Nxd6 Rxd6 17. Bf4 Rdd8 18. Ne5 Nxe5 19. Bxe5 Bd7 20. Bb5 Nc8 21. O-O-O Bxb5 22. Qxb5 Qd7 23. Qxd7 Rxd7 24. Rhe1 Re7 25. Re3 Rf8 26. f4 Rfe8 27. Rg3 Rg8 28. Rg6 Rf7 29. Rd3 Ne7 30. Re6 Kc8 31. Rg3 Kd7 32. Rxe7+ Rxe7 33. Rg6 Re6 34. Rxe6 Kxe6 35. Bxc7 g5 36. g3 Kd7 37. Be5 b5 38. b4 Ra8 39. a3 a5 40. Kb2 axb4 41. axb4 Ke6 42. Kb1 Kf7 43. Kb2 Kg6 44. Kb1 Re8 45. Kc2 Kh5 46. Kc1 gxf4 47. Bxf4 Re2 48. Be5 Kg6 49. Bf4 Rh2 50. h4 Ra2 51. Kd1 Kh5 52. Be5 Kg4 53. Bd6 Kf3 54. Bf4 h5 55. Kc1 Ke4 0-1

[Event "Montreal Mercredi 08"]
[Site "Montreal CAN"]
[Date "2013.09.25"]
[Round "5"]
[White "Lamoureux, Yvon"]
[Black "Struben, Jeroen"]
[Result "0-1"]
[WhiteElo "1688"]
[BlackElo "1630"]
[PlyCount "54"]
[GameId "2160767909229750"]
[EventDate "2013.08.28"]
[EventType "swiss"]
[EventRounds "5"]
[EventCountry "CAN"]
[SourceTitle "EXT 2022"]
[Source "ChessBase"]
[SourceDate "2021.10.06"]
[SourceVersion "1"]
[SourceVersionDate "2021.10.06"]
[SourceQuality "1"]

1. e4 d6 2. c4 c5 3. Ne2 Nf6 4. Nbc3 g6 5. d4 cxd4 6. Nxd4 Bg7 7. Be2 O-O 8. O-O Nc6 9. Be3 Bd7 10. Qd2 Rc8 11. Rac1 Ne5 12. Nd5 Nxe4 13. Qd1 e6 14. Nb4 a5 15. f3 Nf6 16. f4 axb4 17. fxe5 dxe5 18. Nf3 Ng4 19. Qd2 Nxe3 20. Qxe3 Qc7 21. c5 Bc6 22. Nd2 Bd5 23. a4 bxa3 24. Qxa3 Bh6 25. Qc3 e4 26. b4 Ra8 27. Ra1 Bg7 0-1

[Event "Montreal Mercredi 08"]
[Site "Montreal CAN"]
[Date "2013.09.25"]
[Round "5"]
[White "Ostaci, Liviu"]
[Black "Cote, Philippe"]
[Result "1-0"]
[WhiteElo "1681"]
[BlackElo "1753"]
[PlyCount "79"]
[GameId "2160767909229751"]
[EventDate "2013.08.28"]
[EventType "swiss"]
[EventRounds "5"]
[EventCountry "CAN"]
[SourceTitle "EXT 2022"]
[Source "ChessBase"]
[SourceDate "2021.10.06"]
[SourceVersion "1"]
[SourceVersionDate "2021.10.06"]
[SourceQuality "1"]

1. d4 d6 2. Nf3 Nf6 3. g3 g6 4. Bg2 Bg7 5. O-O O-O 6. c4 Nbd7 7. Nc3 e5 8. e3 Re8 9. d5 a5 10. e4 Nc5 11. Qc2 Rf8 12. Nd2 Nh5 13. b3 f5 14. f3 f4 15. g4 Nf6 16. h3 g5 17. Bb2 Rf7 18. a3 Na6 19. Rab1 Bf8 20. Ba1 h5 21. Qd1 hxg4 22. hxg4 Rh7 23. Kf2 c6 24. Qe2 cxd5 25. cxd5 Bd7 26. Rh1 Qb6+ 27. Kf1 Rxh1+ 28. Bxh1 Rc8 29. Nc4 Qd8 30. Nd2 Be7 31. Ke1 Qf8 32. Qh2 Bd8 33. Qf2 Qh6 34. Bg2 Nc5 35. Ke2 Bb6 36. Qf1 Qh4 37. Qh1 Nxb3 38. Qxh4 Nd4+ 39. Kd3 gxh4 40. Rxb6 1-0

[Event "Montreal Mercredi 08"]
[Site "Montreal CAN"]
[Date "2013.09.25"]
[Round "5"]
[White "Valle-Romo, Ricardo"]
[Black "Lopez Linares, Lizandro"]
[Result "0-1"]
[WhiteElo "2025"]
[BlackElo "2059"]
[PlyCount "80"]
[GameId "2160767909229752"]
[EventDate "2013.08.28"]
[EventType "swiss"]
[EventRounds "5"]
[EventCountry "CAN"]
[SourceTitle "EXT 2022"]
[Source "ChessBase"]
[SourceDate "2021.10.06"]
[SourceVersion "1"]
[SourceVersionDate "2021.10.06"]
[SourceQuality "1"]

1. e4 c6 2. d3 d5 3. Nd2 e5 4. Ngf3 Bd6 5. g3 Ne7 6. Bg2 O-O 7. O-O Bg4 8. h3 Bxf3 9. Nxf3 Qc7 10. Nh4 dxe4 11. dxe4 Rd8 12. Qg4 Qd7 13. Nf5 Nxf5 14. exf5 f6 15. Be3 Qf7 16. Rfd1 Na6 17. Bf1 Kh8 18. Bc4 Qe7 19. Bxa6 bxa6 20. Qa4 Qb7 21. Qb3 Qe7 22. Qc4 Qb7 23. b3 Bf8 24. a4 Rd5 25. Rd3 Rad8 26. Rad1 h6 27. g4 Be7 28. f3 Kh7 29. Qe4 Qd7 30. Kf2 Kh8 31. Ke2 Qb7 32. c4 Rxd3 33. Rxd3 Rxd3 34. Qxd3 Kg8 35. c5 Qb4 36. Qc2 Kf8 37. h4 Ke8 38. h5 a5 39. Kd3 Qe1 40. Ke4 Bxc5 0-1

[Event "Montreal Mercredi 08"]
[Site "Montreal CAN"]
[Date "2013.09.25"]
[Round "5"]
[White "Weston, Paul"]
[Black "Cloutier, Mathieu"]
[Result "0-1"]
[WhiteElo "1984"]
[BlackElo "2088"]
[PlyCount "186"]
[GameId "2160767909229753"]
[EventDate "2013.08.28"]
[EventType "swiss"]
[EventRounds "5"]
[EventCountry "CAN"]
[SourceTitle "EXT 2022"]
[Source "ChessBase"]
[SourceDate "2021.10.06"]
[SourceVersion "1"]
[SourceVersionDate "2021.10.06"]
[SourceQuality "1"]

1. f4 c5 2. e3 Nc6 3. Nf3 g6 4. Be2 Bg7 5. O-O d5 6. d4 cxd4 7. exd4 Bg4 8. c3 Nf6 9. Nbd2 O-O 10. Ne5 Bxe2 11. Qxe2 e6 12. Kh1 Qc7 13. g4 Rfe8 14. h4 Ne7 15. h5 gxh5 16. g5 Nf5 17. Rg1 Ne4 18. Nxe4 dxe4 19. Qxh5 Bxe5 20. fxe5 Kf8 21. Bf4 Ke7 22. Rad1 Qc6 23. Qg4 Ng7 24. Be3 Qd5 25. c4 Qxc4 26. Qxe4 Qd5 27. Qxd5 exd5 28. Rc1 Rac8 29. Kg2 Nf5 30. Kf3 Rg8 31. Bf2 Kd7 32. Kf4 Ng7 33. Be3 Rxc1 34. Rxc1 Rc8 35. Rh1 Ne6+ 36. Kf5 Nf8 37. Rc1 Rxc1 38. Bxc1 Ne6 39. Kf6 Ke8 40. Be3 Kf8 41. a4 Nc7 42. Bd2 Ne8+ 43. Kf5 Ke7 44. Bb4+ Kd7 45. Bf8 Nc7 46. Kf6 Ke8 47. Bb4 Ne6 48. Bc3 b6 49. b4 a6 50. Bb2 b5 51. a5 Kf8 52. Bc3 Nc7 53. Be1 Ne8+ 54. Kf5 Ke7 55. Bc3 Ng7+ 56. Kf4 Kf8 57. Bb2 Ne6+ 58. Kf5 Kg7 59. Bc3 Nd8 60. Bb2 Nc6 61. Bc3 Ne7+ 62. Kf4 Kg6 63. Kg4 Nf5 64. Bb2 Ne3+ 65. Kf4 Nd1 66. Ba1 Nf2 67. e6 fxe6 68. Ke5 Kf7 69. Kd6 Ne4+ 70. Kc7 Ke7 71. Kb6 Kd6 72. Kxa6 Kc6 73. Bb2 Nxg5 74. Ka7 Ne4 75. Bc1 h5 76. Bf4 h4 77. Kb8 Nf6 78. Kc8 h3 79. Kd8 Kb7 80. Ke7 Ne4 81. Kxe6 Nc3 82. Bh2 Kc6 83. Ke5 Na2 84. Kf4 Nxb4 85. Kg4 Nc2 86. Kxh3 b4 87. Bf4 Kb5 88. Kg2 b3 89. Bc1 Kxa5 90. Bb2 Kb4 91. Kf2 Kc4 92. Ke2 Nxd4+ 93. Kd2 Nc2 0-1

[Event "Montreal Mercredi 10"]
[Site "Montreal CAN"]
[Date "2013.10.02"]
[Round "1"]
[White "Boudreau, Daniel"]
[Black "Have, Didier"]
[Result "1-0"]
[WhiteElo "2067"]
[BlackElo "1971"]
[PlyCount "63"]
[GameId "2160767909229323"]
[EventDate "2013.10.02"]
[EventType "swiss"]
[EventRounds "5"]
[EventCountry "CAN"]
[SourceTitle "EXT 2022"]
[Source "ChessBase"]
[SourceDate "2021.10.06"]
[SourceVersion "1"]
[SourceVersionDate "2021.10.06"]
[SourceQuality "1"]

1. e4 d5 2. exd5 Nf6 3. Bb5+ Nbd7 4. Nf3 Nxd5 5. d4 e6 6. O-O a6 7. Bd3 Be7 8. Nbd2 Nf4 9. Ne4 Nxd3 10. Qxd3 O-O 11. Nfg5 h6 12. Nh3 b5 13. f4 Bb7 14. f5 c5 15. fxe6 fxe6 16. Nf4 Qb6 17. Ng6 Rxf1+ 18. Kxf1 Bf8 19. Bf4 cxd4 20. Re1 Bd5 21. Qg3 Bc4+ 22. Kg1 e5 23. Bxh6 Ra7 24. Bd2 Bf7 25. Nxf8 Kxf8 26. Rf1 Kg8 27. Qg5 Ra8 28. Kh1 Bd5 29. Ng3 Qc6 30. Nf5 Bxg2+ 31. Kg1 Qh6 32. Nxh6+ 1-0

[Event "Montreal Mercredi 10"]
[Site "Montreal CAN"]
[Date "2013.10.02"]
[Round "1"]
[White "Cardin, Guillaume"]
[Black "Valle-Romo, Ricardo"]
[Result "1-0"]
[WhiteElo "2061"]
[BlackElo "2025"]
[PlyCount "73"]
[GameId "2160767909229324"]
[EventDate "2013.10.02"]
[EventType "swiss"]
[EventRounds "5"]
[EventCountry "CAN"]

1. d4 b6 2. e4 Bb7 3. Nc3 e6 4. Nf3 Bb4 5. Bd3 Bxc3+ 6. bxc3 d6 7. O-O Nd7 8. Bf4 Ne7 9. Re1 Ng6 10. Bg3 O-O 11. h4 e5 12. Qd2 Qf6 13. Bb5 c6 14. Ba4 Qe7 15. h5 Nh8 16. Nh4 g6 17. Bb3 Nf6 18. Qg5 h6 19. Qxh6 Ng4 20. Nxg6 Nxh6 21. Nxe7+ Kh7 22. dxe5 dxe5 23. Bxe5 Rfe8 24. Bxh8 Kxh8 25. Nf5 Nxf5 26. exf5 Kg7 27. g4 c5 28. g5 f6 29. Ba4 Re4 30. Rxe4 Bxe4 31. Re1 Bxf5 32. Re7+ Kf8 33. gxf6 a6 34. Bb3 b5 35. Rf7+ Ke8 36. Rg7 Rd8 37. Bf7+ 1-0